000 00463nam a22001457a 4500
008 250522b |||||||| |||| 00| 0 eng d
020 _a8121904048
050 _aQK495
_b.P36 2012
100 _aPandey B.P.
245 _aA Textbooks of Botany Angio Sperms.
_bTaxonomy, Anatomy, Embryology (Including Tissue Culture) and Economic Botany.
260 _aDelhi
_bS. Chand Company PVT Ltd
_c2012
300 _a990p.
_billustration;
650 _aAngiosperms
942 _cBK
999 _c3595
_d3595